| 000 | 00743nam a22002297a 4500 | ||
|---|---|---|---|
| 999 |
_c17993 _d17993 |
||
| 003 | AR-CdUCM | ||
| 008 | 190511b ||||| |||| 00| 0 spa d | ||
| 040 |
_aMUNICIPALIDAD PROVINCIAL DEL CUSCO _cBIBLIOTECA MUNICIPAL DEL CUSCO |
||
| 041 | _heng | ||
| 082 |
_a818.5 / _bF24 |
||
| 100 |
_aFast, Howard _910498 |
||
| 245 | _aLa ultima cena / | ||
| 260 |
_aBuenos Aires : _bSiglo veinte, _c1959. |
||
| 300 |
_a167 páginas ; _c20 cm. |
||
| 505 | _aContenido: La ultima cena -- El antepasado -- La visión de Henry J. Baxter -- Caminando a casa... | ||
| 650 |
_aBiblia _94856 |
||
| 650 |
_aReligión _91195 |
||
| 650 |
_aTraición _936022 |
||
| 700 |
_aSoria, Arturo (traducción) _938306 |
||
| 942 |
_2ddc _cLIBROS |
||
| 945 |
_adavv _d2019-05-11 |
||